Ministros del Gobierno de Aznar - Estadísticas

Estadísticas generales
  • Esta prueba ha sido intentada 39 veces
  • La puntuación promedio es 32 de 55
Estadísticas de respuestas
Cargo Partido Ministro % Correcto
Vicepresidente primero Partido Popular Mariano Rajoy
100%
Ministro del Interior Partido Popular Mariano Rajoy
100%
Ministro de Educación y Cultura Partido Popular Mariano Rajoy
100%
Ministro de Presidencia Partido Popular Mariano Rajoy
100%
Ministro de Administraciones Públicas Partido Popular Mariano Rajoy
100%
Portavoz del Gobierno Partido Popular Mariano Rajoy
100%
Portavoz del Gobierno Partido Popular Miguel Ángel Rodríguez
86%
Ministro de Justicia Partido Popular Ángel Acebes
82%
Ministro del Interior Partido Popular Ángel Acebes
82%
Ministro de Administraciones Públicas Partido Popular Ángel Acebes
82%
Vicepresidente primero Partido Popular Rodrigo Rato
82%
Vicepresidente segundo Partido Popular Rodrigo Rato
82%
Ministro de Economía y Hacienda Partido Popular Rodrigo Rato
82%
Ministro de Economía Partido Popular Rodrigo Rato
82%
Ministro de Hacienda Partido Popular Cristóbal Montoro
73%
Ministra de Educación y Cultura Partido Popular Esperanza Aguirre
73%
Ministra de Asuntos Exteriores Partido Popular Ana Palacio
68%
Ministro de Defensa Partido Popular Federico Trillo
68%
Ministro de Agricultura, Pesca y Alimentación Partido Popular Miguel Arias Cañete
68%
Ministra de Sanidad y Consumo Partido Popular Ana Pastor
64%
Ministra de Agricultura, Pesca y Alimentación Partido Popular Loyola de Palacio
64%
Ministro de Trabajo y Asuntos Sociales Partido Popular Eduardo Zaplana
59%
Portavoz del Gobierno Partido Popular Eduardo Zaplana
59%
Vicepresidente primero Partido Popular Francisco Álvarez-Cascos
59%
Ministro de Fomento Partido Popular Francisco Álvarez-Cascos
59%
Ministro de Presidencia Partido Popular Francisco Álvarez-Cascos
59%
Ministro de Asuntos Exteriores Partido Popular Abel Matutes
55%
Ministra de Medio Ambiente Partido Popular Elvira Rodríguez
55%
Ministra de Medio Ambiente Partido Popular Isabel Tocino
55%
Ministro del Interior Partido Popular Jaime Mayor Oreja
50%
Ministro de Asuntos Exteriores Partido Popular Josep Piqué
50%
Ministro de Industria y Energía Partido Popular Josep Piqué
50%
Ministro de Ciencia y Tecnología Partido Popular Josep Piqué
50%
Portavoz del Gobierno Partido Popular Josep Piqué
50%
Ministro de Defensa Independiente Eduardo Serra
45%
Vicepresidente segundo Partido Popular Javier Arenas
45%
Ministro de Trabajo y Asuntos Sociales Partido Popular Javier Arenas
45%
Ministro de Presidencia Partido Popular Javier Arenas
45%
Ministro de Administraciones Públicas Partido Popular Javier Arenas
45%
Ministro de Sanidad y Consumo Partido Popular José Manuel Romay Beccaría
45%
Ministra de Sanidad y Consumo Partido Popular Celia Villalobos
41%
Ministra de Justicia Partido Popular Margarita Mariscal de Gante
36%
Portavoz del Gobierno Partido Popular Pío Cabanillas
36%
Ministro de Medio Ambiente Partido Popular Jaume Matas
32%
Ministro de Trabajo y Asuntos Sociales Partido Popular Manuel Pimentel
32%
Ministra de Educación, Cultura y Deporte Partido Popular Pilar del Castillo
32%
Ministro de Fomento Partido Popular Rafael Arias-Salgado
32%
Ministro de Agricultura, Pesca y Alimentación Partido Popular Jesús Posada Moreno
27%
Ministro de Administraciones Públicas Partido Popular Jesús Posada Moreno
27%
Ministro de Trabajo y Asuntos Sociales Partido Popular Juan Carlos Aparicio
27%
Ministro de Ciencia y Tecnología Partido Popular Juan Costa
27%
Ministro de Presidencia Partido Popular Juan José Lucas
27%
Ministra de Administraciones Públicas Partido Popular Julia García-Valdecasas
27%
Ministro de Justicia Partido Popular José María Michavila
23%
Ministro de Ciencia y Tecnología Independiente Anna Birulés
14%
No se encontraron pruebas coincidentes
Distribución de puntuación
Porcentaje de gente con cada puntuación
Porcentaje por número respondido
Historial de tus puntuaciones
No has intentado esta prueba.